000 00565nam a2200193 4500
001 144967
003 ES-MaACL
005 20230906201133.0
007 t|
008 070214s1969 sp r ||||1| spa d
080 _a159.923-055.2
100 1 _aSimon, Suzanne.
_9106535
245 1 3 _aEl carácter de las mujeres /
_cSuzanne Simon ; versión de Josep A. Pombo.
260 _aBarcelona :
_bHerder,
_c1969.
300 _a271 p. ;
_c20 cm.
650 0 4 _aMujeres-
_xPsicología.
_915309
700 1 _aPombo, Josep A.
_992907
852 _aES-MaACL
_jC-39482
_bR.70524
999 _c144967
_d144967